000 00464nam a2200193 a 4500
001 9696
003 CO-ViMGA
008 141112s2004 ck r 000 u spa d
020 _a8408020420
040 _aCO-ViMGA
_bspa
_cCO-ViMGA
082 0 4 _a523.1 S141c
100 1 _aSagan, Carl
_911314
245 1 0 _aCosmos
260 _aBarcelona (E),
_cPlaneta,
_c2001
300 _a365.p.il.fotos
650 1 4 _aASTRONOMIA
650 1 4 _aCOSMOLOGIA
_955593
942 _2ddc
_cBK
999 _c21150
_d21150